00543nam a2200181Ia 4500003000900000008004100009020001800050040001600068080001600084100001800100245012000118260004000238300001300278650001300291650001800304650001800322700002100340IN-BaIIA211028s9999 xx 000 0 eng d a81-7371-237-9 cIIA Library a521.81bSHY aShylaja, B. S 0aEclipseba celestial shadow playcB. S. Shylaja and H. R. Madhusudan  aHyderabadbUniversities Pressc1999 ax, 149p. aEclipses aLunar eclipse aSolar eclipse aMadhusudan, H. R